00748nam a2200205Ia 4500003000900000008004100009020002200050040001600072080001400088100003600102245009200138250001200230260003900242300001600281490005300297650003600350942000700386999001700393952013200410IN-BaIIA211028s9999 xx 000 0 eng d a978-981-238-282-5 cIIA Library a530.1bDE ade Gennes, Pierre-Gilles928744 0aSimple views on condensed mattercPierre-Gilles de Gennes  a3rd ed. aNew JerseybWorld Scientificc2003 axiii, 559p. aSeries in modern condensed matter physics; v. 12 aCondensed matter physics911089 cBK c15593d15593 00104070aBANbBANcGENd2004-01-17eWSP g1635.12l0o530.1/ DEp16515r2021-11-05v1635.12w2004-01-17yBKGRs. 1635.12